000 00538nam a22001817a 4500
005 20251108165818.0
008 250721s1991 xx 000 0 ara d
082 1 4 _aط/811.9/ياس
100 1 _aإبراهيم، ياسر
245 1 0 _aصندوق الدنيا :
_bأشعار /
264 1 _aبيروت :
_bشركة سفير،
_c1991.
300 _a15ص
490 0 _aسلسلة الأغاني و الأناشيد ؛ 4
650 1 7 _aالشعر العربي
650 1 7 _aأدب الأطفال
942 _2ddc
_cBK
999 _c31928
_d31928